| 000 | 00920nam a2200277 i 4500 | ||
|---|---|---|---|
| 001 | 18779 | ||
| 003 | ES-MaACL | ||
| 005 | 20250801063020.0 | ||
| 007 | t| | ||
| 008 | 020314s2001 sp ||||1| spa d | ||
| 017 |
_aSO 84-2001 _bOficina Depósito Legal Soria |
||
| 020 | _a84-95099-40-3 | ||
| 080 | _a94(460)"13" | ||
| 245 | 0 | 3 |
_aEl siglo XIV : _bel alba de una nueva era |
| 260 |
_aSoria : _bUniversidad Internacional Alfonso VIII, _c[2001] |
||
| 300 |
_a271 páginas : _bilustraciones ; _c24 cm |
||
| 490 | 1 |
_aMonografías universitarias ; _v12 |
|
| 504 | _aBibliografía | ||
| 651 | 4 |
_aEspaña- _xHistoria- _yS.XIV _98351 |
|
| 710 | 2 |
_aUniversidad Internacional Alfonso VIII. _eedt _97383 |
|
| 830 | 0 |
_aMonografías universitarias ; _v12 _9180515 |
|
| 852 |
_aES-MaACL _bR.131150 _cDEPO2 _jL-25348 |
||
| 942 |
_2udc _cMONOGRAFIA _n0 |
||
| 999 |
_c18779 _d18779 |
||